Países de Sudamérica por Paisaje - Estadísticas

Estadísticas generales
  • Esta prueba ha sido intentada 74 veces
  • La puntuación promedio es 6 de 12
Estadísticas de respuestas
Imagen Respuesta % Correcto
Perú
80%
Argentina
74%
Brasil
74%
Chile
67%
Venezuela
65%
Paraguay
50%
Ecuador
45%
Bolivia
44%
Uruguay
36%
Colombia
29%
Guyana
24%
Surinam
24%
No se encontraron pruebas coincidentes
Distribución de puntuación
Porcentaje de gente con cada puntuación
Porcentaje por número respondido
Historial de tus puntuaciones
No has intentado esta prueba.